Statics and strength of materials / (Record no. 75907)

MARC details
000 -LEADER
fixed length control field 00699nam a22002417a 4500
005 - DATE AND TIME OF LATEST TRANSACTION
control field 20130523125006.0
010 ## - LCCN (DPL NO)
LC control number ENG-107255
020 ## - INTERNATIONAL STANDARD BOOK NUMBER
International Standard Book Number 9781259064807
Terms of availability 599.00
020 ## - INTERNATIONAL STANDARD BOOK NUMBER
International Standard Book Number 1259064808
Terms of availability 599.00
035 ## - SYSTEM CONTROL NUMBER
System control number EN-90788
037 ## - SOURCE OF ACQUISITION
Source of stock number/acquisition DBAD/PUB
082 ## - DEWEY DECIMAL CLASSIFICATION NUMBER
Classification number 624.171
100 ## - MAIN ENTRY--PERSONAL NAME
Personal name Cheng, Fa-Hwa
245 ## - TITLE STATEMENT
Title Statics and strength of materials /
Statement of responsibility, etc by Fa-Hwa Cheng
250 ## - EDITION STATEMENT
Edition statement 2nd ed
260 ## - PUBLICATION, DISTRIBUTION, ETC. (IMPRINT)
Place of publication, distribution, etc New Delhi
Name of publisher, distributor, etc Tata McGraw Hill
Date of publication, distribution, etc 2013
270 ## - ADDRESS
Address P-24, Green Park Park, Extention
City New Delhi
Postal code 110095
300 ## - PHYSICAL DESCRIPTION
Extent xii, 804p.:
Other physical details ill.
Dimensions 25cm(pbk)
500 ## - GENERAL NOTE
General note Includes index
650 ## - SUBJECT ADDED ENTRY--TOPICAL TERM
Topical term or geographic name as entry element Statics.
650 ## - SUBJECT ADDED ENTRY--TOPICAL TERM
Topical term or geographic name as entry element Strength of materials.
942 ## - ADDED ENTRY ELEMENTS (KOHA)
Source of classification or shelving scheme Dewey Decimal Classification
Item type English Books
Classification part 624.171
Call number suffix CHE
Holdings
Withdrawn status Lost status Not for loan Collection code Home library Current library Date acquired Source of acquisition Cost, normal purchase price Full call number Barcode Copy number Cost, replacement price Koha item type
    Not For Loan Non-fiction D.B.Act.Division D.B.Act.Division 22/05/2013 DBAD/PUB 599.00 624.171 CHE EN-90788 1 599.00 English Books

© Delhi Public Library
Hit Counter
free hit counter